Угадай аниме по кадру №3 - Statistics

General Stats
  • This quiz has been taken 18 times
  • The average score is 11 of 20
Answer Stats
Picture Answer % Correct
"Человек-бензопила" / "Chainsaw Man"
92%
"Дневник будущего" / "Future Diary"
92%
"Магическая битва" / "Jujutsu Kaisen"
92%
"Покемон" / "Pokemon"
85%
"Туалетный мальчик Ханако" / "Toilet-Bound Hanako-kun"
77%
"Не издевайся надо мной, Нагаторо" / "Don't toy with me, Miss Nagatoro"
69%
"Ходячий замок" / "Howl's Moving Castle"
69%
"Проза бродячих псов" / "Bungo Stray Dogs"
62%
"Данганронпа" / "Danganronpa"
62%
"Милый во Франксе" / "Darling in the FranXX"
62%
"Убей или Умри" / "Kill la Kill"
62%
"Корона грешника" / "Guilty Crown"
38%
"Девушки и танки" / "Girls und Panzer"
31%
"Случайное такси" / "Odd Taxi"
31%
"Дитя погоды" / "Weathering with you"
31%
"Добро пожаловать в Ад, Ирума" / "Welcome to Hell, Iruma"
31%
"Зомбиленд Сага" / "Zombie Land Saga"
31%
"Фронт кровавой блокады" / "Blood Blockade Battlefront"
23%
"У меня мало друзей" / "Haganai: I don't have many friends"
23%
"Рыцари "Сидонии"" / "Knights of "Sidonia""
23%
No matching quizzes found
Score Distribution
Percent of People with Each Score
Percentile by Number Answered
Your Score History
You have not taken this quiz